Contract Law (Record no. 21341)
[ view plain ]
| 000 -LEADER | |
|---|---|
| fixed length control field | 00503nam a2200193Ia 4500 |
| 020 ## - INTERNATIONAL STANDARD BOOK NUMBER | |
| International Standard Book Number | 14058-46714 |
| 082 ## - DEWEY DECIMAL CLASSIFICATION NUMBER | |
| Classification number | 346.022 ELL |
| 100 ## - MAIN ENTRY--PERSONAL NAME | |
| Personal name | ELLIOTT, Catherine |
| 9 (RLIN) | 471 |
| 245 ## - TITLE STATEMENT | |
| Title | Contract Law |
| 250 ## - EDITION STATEMENT | |
| Edition statement | 6ed |
| 260 ## - PUBLICATION, DISTRIBUTION, ETC. | |
| Place of publication, distribution, etc. | Harlow: |
| Name of publisher, distributor, etc. | Pearson Education |
| Date of publication, distribution, etc. | 2007 |
| 260 ## - PUBLICATION, DISTRIBUTION, ETC. | |
| Name of publisher, distributor, etc. | Pearson Education |
| 260 ## - PUBLICATION, DISTRIBUTION, ETC. | |
| Date of publication, distribution, etc. | 2007 |
| 300 ## - PHYSICAL DESCRIPTION | |
| Extent | xxxi,400p.:ill.;25cm. |
| Other physical details | ill.;25cm |
| 500 ## - GENERAL NOTE | |
| General note | Includes Index and Glossary |
| 650 ## - SUBJECT ADDED ENTRY--TOPICAL TERM | |
| Topical term or geographic name entry element | Contract-EnglandContract-Wales |
| 9 (RLIN) | 472 |
| 700 ## - ADDED ENTRY--PERSONAL NAME | |
| Personal name | QUINN Frances |
| 9 (RLIN) | 473 |
| 942 ## - ADDED ENTRY ELEMENTS (KOHA) | |
| Koha item type | Books |
| Withdrawn status | Lost status | Damaged status | Not for loan | Home library | Current library | Shelving location | Date acquired | Total Checkouts | Full call number | Barcode | Date last seen | Date last checked out | Price effective from | Koha item type |
|---|---|---|---|---|---|---|---|---|---|---|---|---|---|---|
| IFM Dodoma Campus Library | IFM Dodoma Campus Library | Dodoma Center | 05/15/2015 | 4 | 346.022 ELL | 0000027027 | 01/29/2019 | 01/22/2019 | 05/18/2022 | Books |
